000 00555nam a2200229 a 4500
001 nice12345678
003 IN_TiNIC
005 20260116012005.0
008 070730s1982 wesa grp 000 0 eng
020 _a
_c100
082 0 0 _a297
_bPOO1
100 _aPool, J J
245 _aStuudies in Mohammadnism
260 _aWestminister
_bArchibald Constable and Co.
_c1982
300 _a419p
500 _aincludes index and biblioraphy
650 _aIslam-Meccan Trade
700 1 _aPool, J J
902 _bSRS
942 _cBK
999 _c5184
_d5184